La Educación primaria en América Latina: la agenda inconclusa /
Shranjeno v:
| Glavni avtor: | |
|---|---|
| Autores Corporativos: | , |
| Drugi avtorji: | |
| Format: | Texto |
| Teme: | |
| Oznake: |
Označite
Brez oznak, prvi označite!
|
MARC
| LEADER | 00000 a a2200000 04500 | ||
|---|---|---|---|
| 001 | 28071 | ||
| 003 | |||
| 040 | |||
| 090 | |a 188600 | ||
| 100 | |a Wolff, Laurence | ||
| 110 | |a Banco Interamericano de Desarrollo | ||
| 245 | |a La Educación primaria en América Latina: la agenda inconclusa / |c Banco Interamericano de Desarrollo | ||
| 300 | |a 24 p |b **no definido** | ||
| 650 | |a ENSEÑANZA PRIMARIA | ||
| 650 | |a RENDIMIENTO DE LA EDUCACION | ||
| 650 | |a CALIDAD DE LA EDUCACION | ||
| 650 | |a PRESUPUESTO DE LA EDUCACION | ||
| 650 | |a ACCESO A LA EDUCACION | ||
| 700 | |a Schiefelbein, Ernesto |a Schiefelbein, Paulina | ||
| 710 | |a BID |a Universidad de Santo Tomás de Chile |a Centro de Investigación y Desarrollo de la Ecuación |a CIDE | ||
| 999 | |c 12097 |d 12097 | ||
